| 000 | 00382cam a22001217a 4500 | ||
|---|---|---|---|
| 008 | 180718b1984 xxu||||| |||| 00| 0 eng d | ||
| 082 | _aD711 R549 | ||
| 100 | _aRobes, A.G. | ||
| 245 |
_aNuclear disarmament: a crucial issue for the survival of makind _cby A.G. Robes |
||
| 260 |
_aDelhi _bIndian Council for Cultural Relations _c1984 |
||
| 300 | _a32p. | ||
| 650 | _aNuclear disarmament | ||
| 999 |
_c477432 _d477432 |
||